| 000 | 00564nam a22001457a 4500 | ||
|---|---|---|---|
| 005 | 20250206172010.0 | ||
| 008 | 250206b |||||||| |||| 00| 0 eng d | ||
| 100 |
_aSartore, Joel. _eauthor. _963504 |
||
| 245 |
_aBasic instincts : _bthese frogs melt when mating season starts / _cJoel Sartore. |
||
| 260 |
_aWashington ; _bNational Geographic Partners, LLC., _cOctober 2022. |
||
| 300 |
_avolume 241, pages 28, _billustration. |
||
| 500 | _aNational Geographic, v. 242, n. 3, pages 28, September 2022. | ||
| 700 |
_aSartore, Joel. _eauthor. _964933 |
||
| 942 |
_2ddc _cPER |
||
| 999 |
_c23376 _d23376 |
||